Inovatívny prístup predaja produkcie kreatívneho priemyslu diplomová práca

Enregistré dans:
Détails bibliographiques
Auteur principal: Stovíček, Filip, 1998-
Collectivité auteur: Fakulta podnikového manažmentu EU. Katedra podnikovohospodárska
Autres auteurs: Kintler, Jakub, 1979-
Format: Livre
Langue:slovaque
Publié: Bratislava 2021
Tags: Ajouter un tag
Pas de tags, Soyez le premier à ajouter un tag!

MARC

LEADER 00000nbm a2200000 4500
001 0275489
005 20211203095329.0
041 0 |a slo 
044 |a SK 
245 1 0 |a Inovatívny prístup predaja produkcie kreatívneho priemyslu  |b diplomová práca  |c Filip Stovíček ; školiteľ: Jakub Kintler 
264 1 |a Bratislava  |c 2021 
300 |a 65 s. 
100 1 |a Stovíček, Filip, 1998- 
700 1 |a Kintler, Jakub, 1979- 
710 2 |a Fakulta podnikového manažmentu EU. Katedra podnikovohospodárska